000 00723nam a2200217Ia 4500
005 20250508165557.0
008 008 250505s9999 xx 000 0 eng d
020 _a978-0-415-81274-0
037 _aReference
040 _aFEDL
_beng
_cFEDL
041 _aeng
_2eng
084 _a371.9, CAR/RR
_qFEDL
100 _aCarpenter Barry
_9781239
245 0 _aEngaging learners with complex learning difficulties and disabilities: A resource book for teachers and teaching assistants
260 _aLondon, UK
_bRoutledge
_c2015
300 _axvii, 194p.
365 _aGBP
_b26.99
700 _a Egerton Jo Cockbill Beverley and others
_9781240
942 _cREF
_h371.9, CAR/RR
999 _c1395961
_d1395961